书目信息 |
| 题名: |
化学世界的骄子
|
|
| 作者: | 牛耕 , 宏州 编 | |
| 分册: | ||
| 出版信息: | 呼和浩特 内蒙古人民出版社 1981 |
|
| 页数: | 120页 | |
| 开本: | 19cm | |
| 丛书名: | ||
| 单 册: | ||
| 中图分类: | K816.1 , G633.8 | |
| 科图分类: | ||
| 主题词: | 教育--各级 , 化学家--生平事迹--中国 | |
| 电子资源: | ||
| ISBN: | ||
| 000 | 00668nam0 2200253 45 | |
| 001 | 0181010204 | |
| 005 | 20060725151242.01 | |
| 010 | @dCNY0.27 | |
| 091 | @a7089.162 | |
| 100 | @a19960215d1981 em y0chiy0121 ea | |
| 101 | 0 | @achi |
| 102 | @aCN@b150000 | |
| 105 | @ay z 000yc | |
| 200 | 10 | @a化学世界的骄子@Ahua xue shi jie de jiao zi@f牛耕,宏州编 |
| 210 | @a呼和浩特@c内蒙古人民出版社@d1981 | |
| 215 | @a120页@d19cm | |
| 606 | 0 | @a教育@x各级 |
| 606 | @a化学家@x生平事迹@y中国 | |
| 690 | @aK816.1@v3 | |
| 690 | @aG633.8@v3 | |
| 701 | 0 | @a牛耕@Aniu geng@4编 |
| 701 | 0 | @a宏州@Ahong zhou@4编 |
| 801 | 0 | @aCN@bNLC@c20060725 |
| 905 | @dG633.8@e392@f1@b63318 | |
| 化学世界的骄子/牛耕,宏州编.-呼和浩特:内蒙古人民出版社,1981 |
| 120页;19cm |
| ISBN :CNY0.27 |
| ● |
| 相关链接 |
|
|
|
|
正题名:化学世界的骄子
索取号:G633.8/392
 
预约/预借
| 序号 | 登录号 | 条形码 | 馆藏地/架位号 | 状态 | 备注 |
| 1 | 0063317 | 000606623 | 密集书库/ [索取号:G633.8/392] | 在馆 | |
| 2 | 0063318 | 001951524 | 密集书库/ [索取号:G633.8/392] | 在馆 | |
| 3 | 0063319 | 000606614 | 密集书库/ [索取号:G633.8/392] | 在馆 | |
| 4 | 0426275 | 204262751 | 密集书库/ [索取号:G633.8/392] | 在馆 |